| 000 | 00470nam a2200169Ia 4500 | ||
|---|---|---|---|
| 008 | 220204s9999 xx 000 0 und d | ||
| 082 |
_a573.6:630 _bBAJ.1 |
||
| 100 | _aBajaj, Y P S | ||
| 245 | 0 | _aTrees I | |
| 260 |
_aBerlin _bSpringer-Verlag _c1986 |
||
| 490 | _aBiotechnology in Agriculture and Forestry 1 | ||
| 650 | _aBanana tissue culture | ||
| 650 | _aCoconut tissue culture | ||
| 650 | _aCryopreservation | ||
| 650 | _aTree pollen preservation | ||
| 942 | _cBK | ||
| 999 |
_c40029 _d40029 |
||